| 000 | 00547nam a2200205Ia 4500 | ||
|---|---|---|---|
| 008 | 191119s9999 xx 000 0 und d | ||
| 020 | _a978-4-8053-1480-7 | ||
| 050 | _aCUL TX 724.5 | ||
| 050 | _b.J3F66 2005 | ||
| 245 | 4 | _aThe Food of Japan : | |
| 245 | 0 | _b96 authentic recipes from the Land of the Rising Sun / | |
| 260 | _aJapan : | ||
| 260 | _bTuttle Publishing, | ||
| 260 | _c2005 | ||
| 300 | _a112 pages : | ||
| 300 | _bcolored illustrations ; | ||
| 300 | _c28 cm. | ||
| 500 | _aIncludes index. | ||
| 650 | _aCooking, Japanese. | ||
| 999 |
_c363128 _d363128 |
||